World's smallest countries by land area - Statistics

General Stats
  • This quiz has been taken 36 times
  • The average score is 11 of 20
Answer Stats
Hint Answer % Correct
0.49 Vatican City
100%
1.99 Monaco
83%
468 Andorra
77%
160 Liechtenstein
77%
61 San Marino
73%
21 Nauru
63%
459 Palau
63%
26 Tuvalu
53%
261 Saint Kitts and Nevis
50%
616 Saint Lucia
50%
389 Saint Vincent and the Grenadines
50%
298 Maldives
47%
316 Malta
47%
748 Tonga
43%
430 Barbados
40%
344 Grenada
40%
459 Seychelles
37%
442 Antigua and Barbuda
33%
181 Marshall Islands
33%
702 Micronesia
33%
No matching quizzes found
Score Distribution
Percent of People with Each Score
Percentile by Number Answered
Your Score History
You have not taken this quiz